Top 10 Ligue 1 Best Starting XI - Statistics

General Stats
  • This quiz has been taken 3,082 times
    754 since last reset
  • The average score is 42 of 56
Answer Stats
Player % Correct
Paris Saint-Germain 2017-18, 2018-19, 2019-20, 2021-22, 2022-23 Kylian Mbappé
98%
Paris Saint-Germain 2021-22, 2022-23, 2024-25 Achraf Hakimi
96%
Paris Saint-Germain 2022-23, 2024-25 Gianluigi Donnarumma
96%
Paris Saint-Germain 2019-20, 2021-22 Keylor Navas
96%
Paris Saint-Germain 2017-18, 2019-20, 2021-22 Neymar
96%
Paris Saint-Germain 2013-14, 2015-16, 2016-17, 2017-18, 2018-19 Edinson Cavani
95%
Paris Saint-Germain 2015-16, 2016-17, 2017-18, 2018-19, 2019-20, 2021-22, 2022-23 Marquinhos
95%
Paris Saint-Germain 2013-14, 2015-16 Zlatan Ibrahimović
95%
Paris Saint-Germain 2021-22, 2022-23 Lionel Messi
93%
Paris Saint-Germain 2013-14, 2015-16, 2016-17, 2018-19, 2019-20 Thiago Silva
93%
Paris Saint-Germain 2013-14, 2016-17, 2017-18, 2018-19, 2019-20, 2021-22, 2022-23 Marco Verratti
92%
Paris Saint-Germain 2024-25 Ousmane Dembélé
92%
Monaco 2016-17 Bernardo Silva
91%
Paris Saint-Germain 2015-16, 2016-17, 2017-18, 2018-19, 2019-20 Ángel Di María
90%
Paris Saint-Germain 2021-22, 2022-23, 2024-25 Nuno Mendes
89%
Paris Saint-Germain 2022-23, 2024-25 Fabián Ruiz
88%
Paris Saint-Germain 2022-23 Vitinha
88%
Monaco 2016-17 Radamel Falcao
86%
Paris Saint-Germain 2015-16, 2016-17 Kevin Trapp
85%
Paris Saint-Germain 2024-25 Bradley Barcola
84%
Paris Saint-Germain 2024-25 João Neves
84%
Paris Saint-Germain 2024-25 Willian Pacho
84%
Paris Saint-Germain 2024-25 Lee Kang-in
80%
Paris Saint-Germain 2019-20 Thomas Meunier
80%
Paris Saint-Germain 2019-20, 2021-22 Idrissa Gueye
79%
Paris Saint-Germain 2017-18, 2018-19, 2021-22 Presnel Kimpembe
79%
Paris Saint-Germain 2015-16, 2016-17 Serge Aurier
78%
Paris Saint-Germain 2013-14, 2015-16, 2016-17 Blaise Matuidi
76%
Paris Saint-Germain 2018-19, 2019-20 Juan Bernat
76%
Paris Saint-Germain 2017-18, 2018-19 Alphonse Areola
75%
Monaco 2016-17 Danijel Subašić
75%
Paris Saint-Germain 2015-16, 2016-17 Lucas Moura
75%
Paris Saint-Germain 2018-19 Julian Draxler
74%
Paris Saint-Germain 2013-14, 2015-16, 2016-17 Maxwell
74%
Paris Saint-Germain 2013-14 Salvatore Sirigu
73%
Paris Saint-Germain 2013-14, 2015-16, 2016-17 Thiago Motta
73%
Monaco 2016-17 Kamil Glik
72%
Paris Saint-Germain 2019-20 Mauro Icardi
72%
Paris Saint-Germain 2022-23 Sergio Ramos
72%
Paris Saint-Germain 2024-25 Warren Zaire-Emery
71%
Paris Saint-Germain 2017-18 Dani Alves
69%
Paris Saint-Germain 2013-14 Ezequiel Lavezzi
68%
Monaco 2016-17 Fabinho
67%
Paris Saint-Germain 2021-22, 2022-23 Danilo Pereira
65%
Paris Saint-Germain 2018-19 Thilo Kehrer
64%
Paris Saint-Germain 2017-18 Adrien Rabiot
61%
Monaco 2016-17 Thomas Lemar
61%
Paris Saint-Germain 2024-25 Lucas Beraldo
60%
Paris Saint-Germain 2013-14 Gregory van der Wiel
59%
Monaco 2016-17 Benjamin Mendy
57%
Monaco 2016-17 Djibril Sidibé
55%
Paris Saint-Germain 2013-14 Alex
45%
Monaco 2016-17 Tiemoué Bakayoko
45%
Monaco 2016-17 Valère Germain
38%
Paris Saint-Germain 2017-18 Yuri Berchiche
35%
Monaco 2016-17 Jemerson
31%
No matching quizzes found
Score Distribution
Percent of People with Each Score
Percentile by Number Answered
Your Score History
You have not taken this quiz since the last reset